| 000 | 00381 a2200145 4500 | ||
|---|---|---|---|
| 005 | 20250628123703.0 | ||
| 020 | _a0-534-57078-X | ||
| 082 | _a301 KEN | ||
| 100 | _aKENDALL, D. | ||
| 245 | _aSociology in Our Times. | ||
| 250 | _a3rd Ed. | ||
| 260 |
_aNew York, _bThomson Learning, _c2001. |
||
| 300 |
_axxix, 677p.: figure, picture, table _bGlossary & Index _c28cm |
||
| 942 |
_2ddc _cBKS |
||
| 999 |
_c6004 _d6004 |
||